Biggest Cities in Oceania - Statistics

General Stats
  • This quiz has been taken 79 times
  • The average score is 26 of 50
Answer Stats
Population Country City % Correct
4,321,535 Australia Sydney
100%
1,470,100 New Zealand Auckland
97%
4,196,198 Australia Melbourne
97%
215,100 New Zealand Wellington
97%
2,054,614 Australia Brisbane
93%
1,874,578 Australia Perth
93%
1,165,632 Australia Adelaide
92%
364,125 Papua New Guinea Port Moresby
92%
431,668 Australia Canberra
90%
383,200 New Zealand Christchurch
89%
118,456 Australia Darwin
89%
600,335 Australia Gold Coast
88%
185,913 Fiji Suva
88%
130,176 Solomon Islands Honiara
76%
322,278 Australia Newcastle
76%
178,009 Australia Hobart
75%
144,730 Australia Cairns
69%
51,437 Vanuatu Port Vila
69%
346,522 Australia Sunshine Coast
69%
94,285 New Caledonia (France) Nouméa
68%
56,338 Kiribati South Tarawa
68%
261,896 Australia Wollongong
67%
168,729 Australia Townsville
64%
148,934 Papua New Guinea Lae
56%
75,710 Australia Mackay
56%
57,600 New Zealand New Plymouth
53%
50,148 Australia Bundaberg
51%
157,104 Australia Geelong
51%
61,214 Australia Rockhampton
51%
71,048 Fiji Nadi
50%
176,500 New Zealand Hamilton
49%
66,300 New Zealand Napier
39%
93,759 Australia Ballarat
35%
106,200 New Zealand Dunedin
25%
151,300 New Zealand Tauranga
25%
100,032 Australia Toowoomba
22%
75,329 Australia Launceston
18%
81,500 New Zealand Palmerston North
17%
58,500 New Zealand Rotorua
17%
92,379 Australia Bendigo
15%
50,200 New Zealand Invercargill
15%
110,700 New Zealand Lower Hutt
15%
51,100 New Zealand Nelson
13%
54,400 New Zealand Whangarei
13%
71,090 Australia Bunbury
8%
71,573 Fiji Lautoka
8%
52,073 Australia Hervey Bay
6%
59,600 New Zealand Porirua
6%
78,015 Australia Maitland
4%
83,294 Australia Mandurah
3%
No matching quizzes found
Score Distribution
Percent of People with Each Score
Percentile by Number Answered
Your Score History
You have not taken this quiz